[Event "Politiken Cup 18th"]
[Site "Copenhagen"]
[Date "1996.??.??"]
[Round "2"]
[White "Hector, Jonny"]
[Black "Madsen, Dag"]
[Result "1-0"]
[WhiteElo "2520"]
[BlackElo "2325"]
[Annotator "Tisdall,J"]
[PlyCount "79"]
[EventDate "1996.06.??"]
[EventType "swiss"]
[EventRounds "11"]
[EventCountry "DEN"]
[SourceTitle "CBM 054"]
[Source "ChessBase"]
[SourceDate "1996.10.01"]
[SourceVersion "1"]
[SourceVersionDate "1996.10.01"]
[SourceQuality "1"]

1. e4 {Hecht} Nf6 2. Nc3 d5 3. e5 Nfd7 {An invitation to steer play into the
French Defence after 4.d4.} 4. e6 {Hector prefers to invest a pawn for the
initiative and keep the game in Alekhine waters. For the sacrifice white gains
a considerable lead in development and some chances against black's fractured
kingside, but a center pawn, as Lasker implied, is worth a lot of suffering.}
fxe6 5. d4 c5 6. Nf3 {This looks far more logical than} (6. dxc5 {though that
move is also fairly popular. A recent example:} Nc6 7. Nf3 g6 8. Bb5 Bg7 9. Qe2
a6 10. Bxc6 bxc6 11. Bf4 Qa5 12. O-O Qb4 13. Be5 Nxe5 14. Nxe5 Qxc5 15. Nd3 Qd4
16. Qe3 O-O {and black had a clear advantage, 1/2-1/2 Malbran,G-Casafus,R/2nd
Cleaner Bissell (3) 1995 (35). The game continuation keeps white's remaining
pawn grip on the center.}) 6... Nc6 (6... cxd4 $5 {raises the stakes - black
furthers white's lead in developpment in return for vaporizing the white
center.} 7. Nxd4 Nf6 (7... Qb6 $6 8. Be3 a6 9. Qd2 Nf6 10. f4 g6 11. O-O-O {
gave white a dangerous initiative in Yudovich,M-Zamikhovsky,A/ URS-ch07 Moscow
;URS-ch 1931/1-0 (47)}) 8. Bb5+ Kf7 9. O-O a6 10. Ba4 $5 {trying to keep
black's pawn center in check from the b3 square.} Qd6 11. Bg5 (11. Re1 $5)
11... Nbd7 12. Re1 Nc5 13. Bb3 Nxb3 14. axb3 e5 15. Ndb5 Qb8 16. Nxd5 axb5 17.
Rxa8 Qxa8 18. Nb6 Qb8 19. Qd8 Qd6 20. Qxd6 exd6 21. Nxc8 Be7 22. Nxe7 Kxe7 {
with balanced chances in Vepkhvishvili,V-Zoltek,T/Pardubice op (07) ;TD 92\11
1992/0-1 (64)}) 7. Bb5 g6 8. Be3 $5 {Hector's pet move.} (8. O-O Bg7 9. Bxc6 {
looks tame and after} bxc6 10. Ng5 Nf6 11. dxc5 e5 12. f4 e4 13. Be3 Rb8 14.
Bd4 O-O 15. Be5 Rb7 16. Ne2 h6 {black took control in Lenart,E-Kustar,S/
Harkany op (07) ;EXP 45 1994/0-1 (54)}) (8. h4 $5 {is the most determined move
and led to an overwhelming attack after} Nf6 9. h5 gxh5 10. Ne5 cxd4 11. Bg5
Qc7 12. Bxc6+ bxc6 13. Bxf6 exf6 14. Qxh5+ Ke7 15. Qf7+ Kd6 16. Nc4+ dxc4 17.
Ne4+ Ke5 18. Qxc7+ Kxe4 19. Qxc6+ Ke5 20. Qxa8 Ba6 21. f4+ {1-0 Kuehnl,
R-Zimmermann,F/OLHessen 9091 (1991) ;GER 02 1991}) 8... Bg7 9. dxc5 O-O (9...
Qa5 $5 10. O-O O-O 11. Rb1 a6 12. Bxc6 bxc6 13. Re1 Qc7 14. Ng5 Ne5 15. Bd4 Rf5
16. Nh3 Nf7 17. Bxg7 Kxg7 18. Na4 e5 19. Nb6 Rb8 20. c4 Be6 21. b4 {led to
very complex play in Hector,J-Sergeev,Vl/Berliner Sommer (07) ;EXP 47 1995/1-0
(64)}) 10. O-O Qc7 (10... Qa5 {transposes into Hector-Sergeev.}) (10... a6 $5
11. Bxc6 bxc6 12. Ng5 Ne5 13. Bd4 {looks slightly better for white who will
maintain control over the vital central squares e5 and d4.}) 11. Re1 Nde5 12.
Nd4 Bd7 (12... Nxd4 $5 13. Bxd4 Ng4 14. g3 $5 {This attempt to exploit white's
lead in development is the only spirited try, and renders black's aggressive
idea doubtful.} (14. Qxg4 Rf4 15. Qg3 Bxd4 $15 {is too tame for white.}) 14...
Nxf2 (14... Bxd4 15. Qxd4 Nxf2 16. Rf1 (16. Bf1 $5) 16... Nh3+ 17. Kg2 Rxf1 18.
Rxf1 Qd8 $1 (18... Ng5 19. Rf8+ $3 Kxf8 20. Qh8+ Kf7 21. Be8#) 19. Qe5 {
and white should win.}) 15. Bxf2 Rxf2 16. Kxf2 Qxc5+ 17. Kg2 Bxc3 18. bxc3 Qxb5
19. Qd4 {And black's pawn weaknesses prevent him from having full compensation
for the exchange.}) 13. Be2 {Now that black has completed development, the
idea of ...Nxd4 and ...Ng4 was a threat.} Nxd4 (13... Rad8 $5 {creating
possibilities of offering his pawn structure with ...Nc4!? in return for piece
activity deserved consideration. The move would also allow the retreat ...Qb8
in relative comfort.}) 14. Bxd4 Rf4 15. Be3 Rf7 16. f4 {White needs to
reassert some central control.} Nc6 17. Nb5 Qd8 18. c3 {Now white has clamped
down on black's center and has the more pleasant position.} a6 19. Nd4 e5 {
Logical, as white threatened to increse his positional pressure with Bg4, and
black of course will not be coerced into capturing on d4 and repairing white's
pawn structure.} 20. fxe5 Bxe5 (20... Nxe5 21. Qb3 {is unpleasant for black
unless he can get the speculative} Ng4 {to work. However it is hard to see
sufficient compensation after} 22. Bf3 Qc7 23. Bxg4 Bxg4 24. Qxd5 Be5 25. h3 (
25. g3 $5) 25... Rd8 26. Qe4 (26. Qb3 $2 Bxh3 27. gxh3 Bxd4 28. cxd4 Qg3+)) 21.
Nf3 (21. Qb3 $5 {looks very strong;} Qc7 22. Nf3 e6 (22... Rxf3 23. Bxf3 Bxh2+
24. Kh1 e6 25. Qb6 {and black does not have enough compensation for the
exchange.}) 23. Nxe5 $16) 21... Bf5 22. Nxe5 Nxe5 23. Bd4 Qc7 $2 (23... Nc6 {
is more stubborn though white's central pressure give him a clear advantage.})
24. Bxe5 Qxe5 25. Bc4 $1 {Hector finds a combination that nets him a winning
ending.} Be4 26. Rxe4 dxe4 (26... Qxe4 27. Qxd5 (27. Bxd5 $2 Qe3+ 28. Kh1 e6)
27... Qe3+ 28. Kh1 Raf8 29. Qd4 $1) 27. Qd4 $1 Qxd4+ 28. cxd4 Kg7 (28... Rd8
29. Rf1 Rdf8 30. Rf4 $1) 29. Bxf7 Kxf7 30. Re1 {Hecht: ein w Mehrbauer führt
nach schwarzen Aktivitäten zu Raumvorteil sowie zu riesiger K+T-Positionen} Rd8
(30... e5 31. d5 Kf6 32. g4 h5 33. h3 hxg4 34. hxg4 $18) 31. Rxe4 e5 $5 {
A desperate attempt to buy activity.} 32. dxe5 Ke6 (32... Rd2 33. Rb4 Ke6 34.
Rxb7 $18) 33. Kf2 Kd5 (33... Rd2+ 34. Re2 (34. Re2 {Hecht} Rd4 {[%csl Rc5]
[%cal Yd4c4]} 35. a3 a5)) 34. Re2 Kxc5 35. Ke3 Re8 36. Ke4 Kc6 37. Rf2 Re7 38.
Rf6+ Kd7 $138 (38... Kc5 {prolongs resistance, but a check on the c-line will
make quick and decisive progress.}) 39. Kd5 Kc7 40. e6 1-0

[Event "Capablanca Memorial Elite 31st"]
[Site "Cienfuegos"]
[Date "1996.??.??"]
[Round "12"]
[White "Garcia, Gildardo"]
[Black "Nogueiras Santiago, Jesus"]
[Result "1/2-1/2"]
[WhiteElo "2525"]
[BlackElo "2555"]
[Annotator "Tisdall,J"]
[PlyCount "57"]
[EventDate "1996.05.??"]
[EventType "tourn"]
[EventRounds "13"]
[EventCountry "CUB"]
[EventCategory "12"]
[SourceTitle "CBM 054"]
[Source "ChessBase"]
[SourceDate "1996.10.01"]
[SourceVersion "1"]
[SourceVersionDate "1996.10.01"]
[SourceQuality "1"]

1. e4 Nf6 2. Nc3 {The most heavyweight Alekhine encounter on disk and we head
into theoretical sidelines as early as possible.} d5 3. exd5 Nxd5 4. Bc4 Nb6 (
4... e6 $5 {postponing the retreat to b6 is a solid alternative.}) 5. Bb3 Nc6 {
Considered most accurate and certainly safest. Black either gains control over
d4 or hunts down the white bishop on b3.} (5... c5 $6 {"?" Bagirov. Generally
considered too ambitious, white now gains the chance to either get very active
or win the c-pawn.} 6. Qh5 (6. Qh5 e6 (6... c4 7. Bxc4 Nxc4 8. Qb5+ {(+-:
Bagirov) Black has some practical compensation for the pawn - the bishop pair
and a slight lead in development, but it should not be sufficient.} Bd7 9. Qxc4
Bc6 10. Qg4 $6 h5 11. Qg3 Na6 12. a3 Rh6 13. f3 Rg6 14. Qf2 e5 $44 {0-1
Johannesson,L-Thorhallsson,T/Reykjavik op ;TD 88\05 1988 (40)}) 7. d3 Nc6 8.
Bg5 Be7 9. Bxe7 (9. Nf3 O-O 10. O-O Nd7 11. Ne4 b6 12. Rfe1 Nf6 13. Qh4 Nxe4
$10 {Pavlenko-Bagirov, Baku 1967}) 9... Qxe7 10. Ne4 Nd7 (10... Nd5 11. Ne2 g6
(11... O-O $5) 12. Qh6 Bd7 13. Qg7 Rf8 (13... O-O-O 14. Qxf7 $1 {Khadilkar,
V-Lebel Arias,J/Thessaloniki olw (12)/1-0 (50)}) 14. Bxd5 exd5 15. Nf6+ Kd8 16.
Nxd5 {Balashov,Y-Mikenas,V/URS-ch38 Riga (13) ;URS-ch 1970/1-0 (50)}) 11. Nf3
$5 (11. Ba4 c4 $5 (11... O-O {/\Nd4,Ne5} 12. Bxc6 bxc6 13. Qg5 f6 14. Qe3 e5
15. Nf3 Ba6 16. Nfd2 f5 17. Nc3 Rab8 18. O-O-O $1 {Maljutin,E-Simonenko,A/
URS-chT Azov ;CBM 25 1991/1-0 (50)}) (11... Nd4 12. c3 Nf5 13. g4 g6 14. Qh3
Nh4 15. g5 $16) 12. Bxc6 bxc6 13. dxc4 Qb4+ 14. c3 Qxb2 15. Nd6+ Ke7 16. Qxf7+
Kxd6 17. Rd1+ Kc7 18. Qxg7 Rf8 19. Nf3 Qxa2 20. O-O Rxf3 21. gxf3 Qc2 $13 {
Hagemann,T-Von Herman,U/BL2-N 8384 (1984) ;/0-1 (48)}) 11... b6 12. O-O-O Bb7
13. Rhe1 O-O 14. Neg5 $40 {Jurkov-Suteev, Moskva 1964. On the whole these
lines are probably a bit better than their reputation for black, but clearly
objectively inferior to the game continuation.})) (5... e5 $6 6. d3 Nc6 7. Nf3
Bg4 8. h3 Bh5 $2 9. Nxe5 $3 Bxd1 10. Bxf7+ Ke7 11. Bg5+ Kd6 12. Ne4+ Kxe5 13.
f4+ Kd4 14. Rxd1 Nb4 15. c3+ $1 Ke3 16. O-O $1 Nxd3 17. Ng3 $1 {
Rosentalis-Mikenas, Vilnius 1981}) 6. Qf3 {makes it slightly inconvenient for
black to adopt a more aggressive development with a bishop on g7.} (6. Nf3 {
does not do much to frighten black:} e6 (6... g6 7. Ng5 (7. d3 Bg7 8. Be3 O-O
9. Qd2 Bg4 10. Ng5 Nd4 $15 {Videki,S-Palkovi,J/Budapest FS04 GM (02) ;EXP 52
1996/0-1 (65)}) 7... e6 8. d3 Nd4 $10 {Rosentalis-Bagirov, Vilnius 1985}) 7.
O-O Be7 8. d4 O-O 9. Ne4 Na5 $10 {Rogoff-Doda, Poljanica Zdroj 1975}) 6... e6
7. Nge2 Be7 8. d3 O-O 9. O-O (9. Be3 Na5 10. d4 Nbc4 11. Bc1 e5 12. dxe5 Nxe5
13. Qd5 Nxb3 14. axb3 Qxd5 15. Nxd5 Bd8 16. Be3 b6 17. O-O Bb7 18. Rfd1 Re8 19.
h3 f6 20. Nec3 a6 21. Rd2 Kf7 {1/2-1/2 Kernazhitsky,L-Varga,Z/Zalakaros op (05)
;EXP 52 1996}) (9. a3 $5) 9... Bd7 (9... Na5 $5) 10. d4 (10. a3 $5 Na5 11. Ba2
c5) 10... Na5 {The standard equalizing manoeuvre in this variation. White gets
the a-line and still has a bit more space to balance the loss of the bishop
pair.} 11. Bf4 Bd6 12. Rfd1 Bc6 13. Qg3 Nxb3 14. axb3 Qf6 15. Ra5 (15. Bxd6
cxd6 16. Qxd6 Qg6 17. d5 Nxd5 18. Nxd5 Bxd5 19. Nf4 Qxc2 20. Nxd5 exd5 21. Qxd5
$10) 15... Rfd8 16. Be5 Bxe5 17. Rxe5 Rd7 18. Nf4 $6 {White livens up the game
-presumably since black is very comfortable if he is allowed to train his
sights on the d-pawn.} Rxd4 19. Nh5 Rxd1+ 20. Nxd1 Qh6 21. Nxg7 Kh8 22. Nh5 f6
$2 (22... Rg8 $1 {begs to be played.} 23. Qc3 {looks like the only dangerous
reply, but the complications appear to favor black.} Rxg2+ 24. Kf1 Kg8 $5 (
24... f6 $5 25. Rxe6 Rg6 $5 (25... Nd5 $5) 26. Rxf6 (26. Ng3 Qh3+) (26. Qc5 Rg5
) (26. Qd4 Qxh5) (26. Qb4 Nd5 27. Qh4 Qd2 $19) 26... Bb5+)) 23. Qe3 Qg6 24. Nf4
Qxc2 25. Qd4 (25. Nc3 $5) 25... fxe5 {Conceding perpetual check, which seems
sensible given the suddenly exposed nature of his king. Other tries:} (25...
Nd7 $5 26. Rxe6 Qc5 27. Qxc5 Nxc5 28. Rxf6 {with a very messy ending.}) (25...
Nd5 26. Rxd5 $5 Bxd5 27. Nxe6 Bxe6 28. Qxf6+ Kg8 29. Qxe6+ Kg7 30. Qe7+ $10) (
25... Re8 $5 26. Rxe6 (26. Rc5 e5) (26. Nxe6 Qxb3 $1 27. Re3 Rxe6) 26... Rxe6
27. Nxe6 Nd5 $15) 26. Qxe5+ Kg8 27. Qxe6+ Kf8 28. Qf6+ Ke8 29. Qe6+ 1/2-1/2

[Event "Oslo m"]
[Site "Oslo"]
[Date "1994.??.??"]
[Round "2"]
[White "Adams, Michael"]
[Black "Agdestein, Simen"]
[Result "1-0"]
[WhiteElo "2660"]
[BlackElo "2595"]
[Annotator "Tisdall,J"]
[PlyCount "79"]
[EventDate "1994.??.??"]
[EventType "match"]
[EventRounds "4"]
[EventCountry "NOR"]
[SourceTitle "CBM 042"]
[Source "ChessBase"]
[SourceDate "1994.10.01"]
[SourceVersion "1"]
[SourceVersionDate "1994.10.01"]
[SourceQuality "1"]

1. e4 {Blatny,P Ftacnik} Nf6 {For the first time in his life, as far as I can
tell. Adams had not prepared much for the match, preferring to use it as a
chance to fight his way into shape. This created the rare situation of SA
being the better theoretician...} 2. Nc3 d5 3. e5 Ne4 (3... d4 {Blatny,P} 4.
exf6 dxc3 5. fxg7 cxd2+ 6. Qxd2 Qxd2+ 7. Bxd2 Bxg7 8. O-O-O Nc6 9. Bb5 Bd7 10.
Nf3 O-O-O $10) (3... Nfd7 {Blatny,P} 4. e6 {Spielmann attack}) 4. Qf3 $6 {
Both players already looked quite confused by the opening.} (4. Nxe4 {Blatny,P}
dxe4 {קe5}) (4. Nce2 {Blatny,P Ftacnik} f6 5. d3 Ng5) 4... Nxc3 (4... Nc6 $5 {
Blatny,P Ftacnik} 5. Bb5 (5. Nxe4 Nd4 $1 6. Qd3 dxe4 7. Qxe4 Bf5)) 5. dxc3 (5.
bxc3 $5) (5. Qxc3 {Blatny,P} d4 {=/|^}) (5. bxc3 {Blatny,P} c5 $132) 5... c6 (
5... g6 {Blatny,P Ftacnik} 6. Bd3 Nc6 7. Qe2 Bg7 8. f4 O-O 9. Nf3) 6. Bf4 (6.
Bd2 {was more prudent. It inhibits both the Bc8 and the Q from emerging to
their optimal squares.}) 6... Bf5 (6... g6 {Blatny,P Ftacnik} 7. O-O-O Bg7 8.
h4 h5 9. Qe3 Qb6 10. Qd2 Bf5 $10) 7. O-O-O e6 8. Qg3 h6 9. h4 Qa5 10. Kb1 b5 $1
{Black's plan is simple. Grip the queenside with b5 and c5, develop the Nb8
and storm forward. The Bf5 is a monster that must be neutralised.} 11. Nf3 c5 (
11... Nd7 {Blatny,P Ftacnik} 12. Nd4 $36) 12. h5 Na6 (12... Nc6 {Blatny,P
Ftacnik}) 13. Nh4 Bh7 $6 {Simen suggested} (13... Be4 {after the game, to try
and elicit f3, when white will lose the option of defen ding the third rank
with Rh3.}) 14. Qg4 $1 {Preparing a clever counterattack. Black's attacking
plan looks simple and effe ctive, but Adams has makes the most of his chances.}
b4 (14... Nc7 {Blatny,P Ftacnik xc7}) 15. Bd2 c4 16. Ng6 $1 {The threat of ...
b3 must stopped. White's 14th move created pressure against e6 and cleared the
third rank for the Rh1. Another benefit will appear soon.} Rb8 (16... fxg6 {
Blatny,P} 17. Qxe6+ Kd8 (17... Be7 18. hxg6 Bg8 19. Qc6+ $18) 18. Bg5+ $1 {
/\Rd5 ->} (18. Bg5+ $1 {Ftacnik} Kc7 19. Qf7+ Kc6 20. Bxc4 dxc4 21. Qf3+ Kb6
22. Qxa8 hxg5 23. hxg6 $16)) 17. Rh3 (17. Nxh8 $2 b3 {loses instantly.} (17...
b3 {Blatny,P} 18. axb3 cxb3 $19 {/\#, /^b1-h7})) 17... Be7 $2 (17... Qb6 $1 {
was suggested by SA to me after the game. It is far more useful (guards e6) an
d Rh8 is still tabu due to instant execution by ...b3. It also raises the pos
ibility of capturing the Ng6. It is hard to find a decent reply for white:} 18.
Nxf8 $2 (18. Be3 Bc5 19. cxb4 (19. Bxc5 Nxc5 20. cxb4 (20. Nxh8 bxc3) 20...
Qxb4 21. b3 cxb3 (21... fxg6 $5) 22. Qxb4 Rxb4 {looks simplest.} (22... bxc2+
23. Kxc2 Rxb4 24. Kc3 a5 25. Nxh8 Ne4+)) (19. Nxh8 bxc3) 19... Bxe3 (19... Qxb4
20. Bc1 $5) 20. Rxe3 (20. Nxh8 Qxb4 21. b3 cxb3 $19) 20... Qxb4 21. b3 cxb3 22.
Qxb4 bxc2+ 23. Kxc2 Nxb4+ {and ...fg6.}) (18. Nxh8 b3 19. Ka1 bxc2 20. Bc1 Bf5)
(18. Bc1 {may be best since} fxg6 19. hxg6 Bg8 {leaves black with problems
developing his kingside, but white's position does not inspire.}) 18... b3) (
17... bxc3 {Blatny,P Ftacnik} 18. Bxc3 Bb4 19. Bd4 (19. Bxb4 Qxb4 20. b3 Qa3
21. Nxh8 Nb4 $40) (19. Ka1 $2 Bxc3 20. Rxc3 Rxb2 $1 21. Kxb2 Qb4+ 22. Rb3 c3+
$1 $19) 19... Rg8 $13) 18. Bxc4 $3 {This surprise allows white to come roaring
back into the game. Black's king suddenly becomes insecure and the Ng6
potentially mobile.} dxc4 (18... fxg6 $5 19. Qxe6 Qb6 (19... Nc7 $2 20. Qc6+
Kd8 (20... Kf8 21. Rf3+ Kg8 22. Qxc7 $1) 21. Bg5 $1 hxg5 22. Bxd5 {gives white
a winning attack.}) (19... dxc4 $2 20. Qc6+ Kf8 21. Rf3+ Bf6 22. exf6 {wins.})
20. Qxd5 Bg8 21. e6 Nc5 {is unclear. White obviously has compensation but ...
Rd8 is about to coordi nate black's defences.}) 19. Qxc4 Qc5 $6 (19... fxg6 $2
20. Qc6+ Kf7 (20... Kd8 {Blatny,P} 21. Bg5+ Qd5 22. Rxd5+ exd5 23. Qd6+ $18) (
20... Kf8 21. Rf3+ Bf6 22. Rxf6+ Ke7 (22... gxf6 23. Bxh6+ Kg8 24. Qxe6#) 23.
Qxe6+ $18) 21. Rf3+ {wins.} (21. Rf3+ Bf6 22. Rxf6+ $1 gxf6 23. Qd7+ Kg8 24.
Qxe6+ Kg7 25. exf6+ Kf8 26. Bxh6#)) (19... Bxg6 $5 {was a better chance to
steer the game into murky complications.} 20. Qc6+ (20. hxg6 $5 $13) 20... Kf8
21. hxg6 Qb5 (21... Nc7 {Blatny,P} 22. cxb4 Bxb4 23. Bxb4+ Qxb4 24. Rb3 $18)
22. Qf3 Qe8 $5 (22... f5 23. exf6 (23. g4 $5) 23... Bxf6 24. Bxh6 Kg8 $13)) 20.
Qxc5 (20. Qxa6 $2 fxg6 21. Qxe6 Rb6 {is clearly better for black.}) 20... Nxc5
21. Nxh8 Ne4 22. Be1 bxc3 23. b3 (23. Bxc3 $2 {Blatny,P Ftacnik} Nxf2) 23...
Bb4 {A difficult choice. Black can try} (23... Bf5 {but white always has the
option of returning the exchange to secure a safe edge, e.g. even} 24. Rf3 $5 {
is possible here.}) (23... Bc5 24. Rf3 {is awkward for black.}) (23... Bg5 {
Blatny,P Ftacnik} 24. f4 Bxf4 25. Nxf7 $1 Bf5 (25... Kxf7 26. Rf3) 26. Rf3 Bg4
27. Rxf4 Bxd1 28. Rxe4 Kxf7 29. g4 $1 Ke8 30. Bxc3 Rc8 31. Kb2 $16) 24. Rf3
Nd2+ (24... Bf5 25. Nxf7 $1 {will win for white.} (25. Rd4 {Blatny,P})) 25.
Bxd2 Rd8 26. Nxf7 Rxd2 27. Rc1 Ba3 (27... Be4 {Blatny,P Ftacnik} 28. Rf4) 28.
Nd6+ Kd7 29. Rxc3 {Forced, but it wins trivially.} Bxc1 30. Kxc1 {_|_} Rxf2 31.
g4 Rg2 32. Rc4 Re2 33. Rc5 Rg2 34. Nb5 Rxg4 (34... a6 35. Rc7+ Kd8 36. Rxg7 {
is also hopeless.} (36. Rxg7 {Blatny,P} Rxc2+ 37. Kd1 Bd3 38. Nd4 $18)) 35.
Rc7+ Kd8 36. Rxa7 Rg5 37. Nd4 Kc8 38. Nxe6 Rxh5 39. Rxg7 Be4 40. Rg8+ {Even
the Be4 falls now.} (40. Rg8+ {Blatny,P Ftacnik} Kd7 41. Nc5+ $18) 1-0